| 000 | 00000nam##2200000za#4500 |
| 001 | 9.590515 |
| 003 | CaOODSP |
| 005 | 20210624200149 |
| 007 | cr ||||||||||| |
| 008 | 150406|1992||||xxc|||||o f|0| 0 eng|d |
| 040 | |aCaOODSP|beng |
| 041 | |aeng |
| 041 | |afre |
| 043 | |an-cn--- |
| 086 | 1 |aS52-2/211-1992-PDF |
| 110 | 1 |aCanada. |bPublic Works and Government Services Canada. |bTranslation Bureau. |
| 245 | 10|aVocabulary of cell engineering. Volume I: Cell structure / |h[electronic resource]|cUnder the direction of Edgard Delvin and Gisèle Pham. |
| 260 | |aOttawa - Ontario : |bPublic Works and Government Services Canada. |cc1992. |
| 300 | |a337p. |
| 490 | 1 |aTerminology bulletin|vNo. 211 |
| 500 | |aDigitized edition from print. [Produced by Publishing and Depository Services, 2014.] Joint Project of the Medical Research Council of Canada and the Dept. of the Secretary of State. |
| 504 | |aBibliography. |
| 590 | |a14-22-Supp|b2014-12-24 |
| 720 | 1 |aDelvin, Edgard |
| 720 | 1 |aPham, Gisèle |
| 776 | 0#|tVocabulaire du génie cellulaire, Volume I: Structure cellulaire / |w(CaOODSP)9.519537 |
| 792 | |tVocabulaire du génie cellulaire. Volume I: structure cellulaire / |efre|w(CaOODSP)9.590516 |
| 830 | #0|aTerminology bulletin ;|vNo. 211|w(CaOODSP)9.500139 |
| 856 | 40|ahttp://publications.gc.ca|qPDF|s3592 KB|uhttps://publications.gc.ca/collections/collection_2014/tpsgc-pwgsc/S52-2-211-1992.pdf|yNo. 211 |